One Piece Utilisateurs de Zoan - Statistiques

Statistiques générales
  • Ce quiz a été pris 131 fois
    125 depuis la dernière actualisation
  • Le résultat moyen est 17 sur 31
Statistiques - réponses
Hint Réponse % Correct
Hito Hito no mi (Nika) Luffy
84%
Tori Tori no mi (Phœnix) Marco
81%
Hito Hito no mi (Humain) Chopper
80%
Hito Hito no mi (Bouddha) Sengoku
80%
Zo Zo no mi (mammouth) Jack
77%
Tori Tori no mi (Faucon) Pell
73%
Ryu Ryu no mi (Ptéranodon) King
71%
Tori Tori no mi (Albatros) Morgans
68%
Inu Inu no mi (Chacal) Chaka
67%
Inu Inu no mi (Loup) Jabura
67%
Kumo Kumo no mi (Rosamygale) Black Maria
66%
Ushi Ushi no mi (Bison) Dolton
66%
Ryu Ryu no mi (Tricératops) Sasaki
63%
Inu Inu no mi (Kyubi) Catarina Devon
58%
Hebi Hebi no mi (Cobra) Boa Marigold
57%
Ryu Ryu no mi (Spinosaure) Page One
57%
Hebi Hebi no mi (Anaconda) Boa Sandersonia
54%
Ryu Ryu no mi (Brachiosaure) Queen
51%
Neko Neko no mi (Tigre) Who's-Who
49%
Ryu Ryu no mi (Pachycéphalosaure) Ulti
48%
Ryu Ryu no mi (Allosaure) X Drake
46%
Uo Uo no mi (Seiryu) Kaido
43%
Neko Neko no mi Lucci
35%
Inu Inu no mi (Okuchi) Yamato
35%
Sandworm Ju Peter
34%
Bakotsu V nusjuro
33%
Hebi Hebi no mi (Yamata) Orochi
30%
Ushi Ushi no mi Kaku
24%
Itsumade Mars
24%
Gyuki Saturn
23%
Hoki Warcury
22%
Aucun quiz correspondant
Distribution des résultats
% des personnes avec chaque résultat
Percentile par nombre de réponses
Votre historique - résultats
Vous n’avez pas pris ce quiz depuis la dernière actualisation